Экономическая теория: учебник для вузов

Podrobná bibliografie
Další autoři: Эриашвили Н. Д. Нодари Дарчоевич (редактор)
Shrnutí:Рассматриваются основные разделы современной экономической теории: теория спроса и предложения, теория потребления, теория фирмы, теория факторного распределения, теория совершенной и несовершенной конкуренции, система национальных счетов, теория макроэкономического равновесия и макроэкономической нестабильности, теория денег и кредита, монетарная, фискальная, внешнеэкономическая политика правительства, проблемы международной торговли, организации мировой валютной системы, международного движения капиталов и международной экономической интеграции. Особое внимание уделяется таким экономическим проблемам современности, как бюрократия и коррупция.Для студентов (курсантов), аспирантов (адъюнктов), преподавателей и научных работников вузов правоохранительной, юридической, управленческой и социально-гуманитарной направленности, а также всех интересующихся современной экономической наукой:
Jazyk:ruština
Vydáno: Москва, ЮНИТИ-ДАНА, 2014
Témata:
Médium: MixedMaterials Kniha
KOHA link:https://koha.lib.tpu.ru/cgi-bin/koha/opac-detail.pl?biblionumber=244640

MARC

LEADER 00000nam0a2200000 4500
001 244640
005 20231101232051.0
010 |a 9785238024646 
035 |a (RuTPU)RU\TPU\book\266028 
090 |a 244640 
100 |a 20131024d2014 m y0rusy50 ca 
101 0 |a rus 
102 |a RU 
105 |a a j 001zy 
200 1 |a Экономическая теория  |e учебник для вузов  |f под ред. Н. Д. Эриашвили 
210 |a Москва  |c ЮНИТИ-ДАНА  |d 2014 
215 |a 527 с.  |c ил. 
320 |a Библиогр.: с. 515-522. 
330 |a Рассматриваются основные разделы современной экономической теории: теория спроса и предложения, теория потребления, теория фирмы, теория факторного распределения, теория совершенной и несовершенной конкуренции, система национальных счетов, теория макроэкономического равновесия и макроэкономической нестабильности, теория денег и кредита, монетарная, фискальная, внешнеэкономическая политика правительства, проблемы международной торговли, организации мировой валютной системы, международного движения капиталов и международной экономической интеграции. Особое внимание уделяется таким экономическим проблемам современности, как бюрократия и коррупция.Для студентов (курсантов), аспирантов (адъюнктов), преподавателей и научных работников вузов правоохранительной, юридической, управленческой и социально-гуманитарной направленности, а также всех интересующихся современной экономической наукой: 
606 1 |a Экономическая теория  |2 stltpush  |3 (RuTPU)RU\TPU\subj\26589  |9 50481 
610 1 |a методология 
610 1 |a экономическая наука 
610 1 |a экономические учения 
610 1 |a история 
610 1 |a микроэкономика 
610 1 |a спрос 
610 1 |a предложение 
610 1 |a потребление 
610 1 |a фирмы 
610 1 |a совершенные конкуренции 
610 1 |a несовершенная конкуренция 
610 1 |a факторное распределение 
610 1 |a общественный выбор 
610 1 |a макроэкономика 
610 1 |a национальная экономика 
610 1 |a национальные счета 
610 1 |a нестабильность 
610 1 |a денежная система 
610 1 |a кредит 
610 1 |a финансовая система 
610 1 |a монетарная политика 
610 1 |a социальная политика 
610 1 |a фискальная политика 
610 1 |a государственное управление 
610 1 |a мировая политика 
610 1 |a мировое хозяйство 
610 1 |a мировая торговля 
610 1 |a мировая валютная система 
610 1 |a учебники 
686 |a У011я73  |v LBC/SL-A  |2 rubbk 
702 1 |a Эриашвили  |b Н. Д.  |g Нодари Дарчоевич  |4 340 
801 1 |a RU  |b 63413507  |c 20131024 
801 2 |a RU  |b 63413507  |c 20150622  |g RCR 
942 |c BK 
959 |a 136/20131018  |d 2  |e 800,00  |f ЧЗГЛ:1  |f АНЛ:1